Políticas nacionales de comunicación en América Latina: los primeros pasos

Պահպանված է:
Մատենագիտական մանրամասներ
Հիմնական հեղինակ: Beltrán S., Luis Ramiro
Ձևաչափ: Տեքստ
Հրապարակվել է: San José: CIESPAL
Ցուցիչներ: Ավելացրեք ցուցիչ
Չկան պիտակներ, Եղեք առաջինը, ով նշում է այս գրառումը!

MARC

LEADER 00000 a a2200000 04500
001 17741
003
040
090 |a 002300  
100 |a Beltrán S., Luis Ramiro  
245 |a Políticas nacionales de comunicación en América Latina: los primeros pasos  
260 |a San José:   |b CIESPAL  
300 |a 51 p.  
999 |c 15038  |d 15038